| 000 | 00782nam a22002297a 4500 | ||
|---|---|---|---|
| 005 | 20170124110119.0 | ||
| 010 | _aA-684757 | ||
| 020 | _c00.00 | ||
| 035 | _aA-684757 | ||
| 037 | _bCen Lib/Ret | ||
| 040 |
_aDPL _bEN |
||
| 082 |
_a921 _bMOH |
||
| 100 |
_aMohammad Abdullah _930388 |
||
| 245 |
_aFlames of the chinar : _cby Mohammad Abdullah; translated by Khushwant Singh _ban autobiography / |
||
| 260 |
_aNew Delhi _bViking _c1993 |
||
| 270 |
_bNew Delhi _a210, Chiranjiv Tower, 43, Nehru Place _e110019 |
||
| 300 |
_axv,176p. : _c21cm(Hb) _bill. |
||
| 650 |
_aAbdullah, Mohammad, -- Sheikh, -- 1905-1982 _930389 |
||
| 650 |
_aJammu and Kashmir (India) -- Politics and government _972302 |
||
| 700 |
_aKhushwant Singh _94831 |
||
| 942 |
_2ddc _cEN _h921 _mMOH |
||
| 999 |
_c130904 _d130904 |
||